Improvements in urban life (Record no. 68321)
[ view plain ]
| 000 -LEADER | |
|---|---|
| fixed length control field | 00887cam a2200205 4500 |
| 001 - CONTROL NUMBER | |
| control field | WB3735-25 |
| 008 - FIXED-LENGTH DATA ELEMENTS--GENERAL INFORMATION | |
| fixed length control field | 010920n2001 000 0 eng u |
| 035 ## - SYSTEM CONTROL NUMBER | |
| System control number | (Sirsi) u114667 |
| 245 ## - TITLE STATEMENT | |
| Title | Improvements in urban life |
| 260 ## - PUBLICATION, DISTRIBUTION, ETC. | |
| Date of publication, distribution, etc. | 2001 |
| 490 ## - SERIES STATEMENT | |
| Series statement | DTLR News Release |
| Volume/sequential designation | (398) 20 September 2001, 2(1) |
| 520 ## - SUMMARY, ETC. | |
| Summary, etc. | Regeneration Minister announces partnerships with 24 selected towns to tackle poor use of public space. Also published are details ofmeasures up and running since the Urban White Paper was issued in November 2000. The Urban White Paper Implementation Bulletin can be found on the DTLR website at: http://www.regeneration.dtlr.gov.uk/policies/ourtowns/action/bulletin/implong.htm |
| 590 ## - LOCAL NOTE (RLIN) | |
| Local note | WB |
| 650 ## - SUBJECT ADDED ENTRY--TOPICAL TERM | |
| Topical term or geographic name entry element | URBAN POLICY |
| 650 ## - SUBJECT ADDED ENTRY--TOPICAL TERM | |
| Topical term or geographic name entry element | URBAN DESIGN ALLIANCE |
| 650 ## - SUBJECT ADDED ENTRY--TOPICAL TERM | |
| Topical term or geographic name entry element | URBAN PARTNERSHIP |
| 650 ## - SUBJECT ADDED ENTRY--TOPICAL TERM | |
| Topical term or geographic name entry element | URBAN WHITE PAPER |
| 690 ## - LOCAL SUBJECT ADDED ENTRY--TOPICAL TERM (OCLC, RLIN) | |
| Topical term or geographic name as entry element | REGENERATION |
| 942 ## - ADDED ENTRY ELEMENTS (KOHA) | |
| Suppress in OPAC | 0 |
| Withdrawn status | Lost status | Source of classification or shelving scheme | Damaged status | Not for loan | Home library | Current library | Shelving location | Date acquired | Total Checkouts | Full call number | Barcode | Date last seen | Copy number | Price effective from | Koha item type |
|---|---|---|---|---|---|---|---|---|---|---|---|---|---|---|---|
| Dewey Decimal Classification | London | London | News article | 20/09/2001 | WB3735-25 | 114667-1001 | 06/08/2019 | 1 | 06/08/2019 | News article |